[Event "Rilton Cup 51st"]
[Site "Stockholm"]
[Date "2024.01.05"]
[Round "9"]
[White "Anand, Batsukh"]
[Black "Terrieux, Kevin"]
[Result "1/2-1/2"]
[WhiteElo "2263"]
[BlackElo "2432"]
[PlyCount "115"]
[EventDate "2023.12.27"]
[EventType "swiss"]
[EventRounds "9"]
[EventCountry "SWE"]
[SourceTitle "CB02_2024"]
[SourceDate "2024.01.10"]
[SourceVersion "1"]
[SourceVersionDate "2024.01.10"]
[SourceQuality "1"]

1. Nf3 c5 2. g3 g6 3. Bg2 Bg7 4. 0-0 Nc6 5. d3 d5 6. c3 Nf6 7. Nbd2 0-0 8. e4 e5 9. exd5 Nxd5 10. Nc4 h6 11. Re1 Re8 12. Qb3 Nc7 13. Be3 b5 14. Na3 Be6 15. Qc2 Bf5 16. Rad1 c4 17. Qc1 Bxd3 18. Bxh6 e4 19. Bxg7 Kxg7 20. Ng5 f5 21. f3 e3 22. Rxe3 Qxg5 23. Rexd3 Qxc1 24. Rd7+ Re7 25. Rxe7+ Nxe7 26. Rxc1 Rd8 27. b3 cxb3 28. axb3 Rd2 29. Bf1 a6 30. Nc2 Nc6 31. f4 Na5 32. Nd4 Nd5 33. Ra1 Nxc3 34. Ne6+ Kf6 35. Rxa5 Kxe6 36. Rxa6+ Rd6 37. Rxd6+ Kxd6 38. b4 Ke7 39. Kf2 Nd5 40. Bxb5 Nxb4 41. Ke3 Nd5+ 42. Kd4 Nf6 43. Be2 Kd6 44. Bf3 Nd7 45. Bd5 Ke7 46. h3 Nf6 47. Bf3 Kd6 48. g4 fxg4 49. hxg4 g5 50. fxg5 Nh7 51. g6 Nf8 52. Be4 Ne6+ 53. Kc4 Ke7 54. Bf5 Nf4 55. g5 Kf8 56. Kd4 Kg7 57. Ke5 Nxg6+ 58. Bxg6 1/2-1/2

[Event "FRA-chT Top 16 Gp Haute"]
[Site "Chartres"]
[Date "2023.06.11"]
[Round "4.4"]
[White "Vernay, Clovis"]
[Black "Terrieux, Kevin"]
[Result "1/2-1/2"]
[WhiteElo "2491"]
[BlackElo "2446"]
[PlyCount "22"]
[EventDate "2023.06.08"]
[EventType "team-tourn"]
[EventRounds "4"]
[EventCountry "FRA"]
[SourceTitle "CBM 214 Extra"]
[Source "ChessBase"]
[SourceDate "2023.07.31"]
[SourceVersion "1"]
[SourceVersionDate "2023.07.31"]
[SourceQuality "1"]
[WhiteTeam "Lyon"]
[BlackTeam "Mulhouse Philidor"]
[WhiteTeamCountry "FRA"]
[BlackTeamCountry "FRA"]

1. d4 d5 2. c4 c6 3. cxd5 cxd5 4. Nc3 Nf6 5. Bf4 Nc6 6. e3 Bf5 7. Bd3 Bxd3 8. Qxd3 e6 9. Nf3 Bd6 10. Bxd6 Qxd6 11. 0-0 0-0 1/2-1/2

[Event "FRA-chT Top 16 Gp Haute"]
[Site "Chartres"]
[Date "2023.06.10"]
[Round "3.3"]
[White "Fedorchuk, Sergey A"]
[Black "Terrieux, Kevin"]
[Result "1-0"]
[WhiteElo "2579"]
[BlackElo "2446"]
[PlyCount "79"]
[EventDate "2023.06.08"]
[EventType "team-tourn"]
[EventRounds "4"]
[EventCountry "FRA"]
[SourceTitle "CBM 214 Extra"]
[Source "ChessBase"]
[SourceDate "2023.07.31"]
[SourceVersion "1"]
[SourceVersionDate "2023.07.31"]
[SourceQuality "1"]
[WhiteTeam "Chalon"]
[BlackTeam "Mulhouse Philidor"]
[WhiteTeamCountry "FRA"]
[BlackTeamCountry "FRA"]

1. e4 c5 2. Nf3 d6 3. d4 cxd4 4. Nxd4 Nf6 5. Nc3 g6 6. Be3 Nc6 7. Be2 Bg7 8. Qd2 Ng4 9. Bxg4 Bxg4 10. 0-0 0-0 11. Nxc6 bxc6 12. Bh6 Rb8 13. Bxg7 Kxg7 14. b3 Qa5 15. f4 f6 16. Rae1 Rfd8 17. Re3 Be6 18. Qf2 Rb4 19. Kh1 Qc5 20. Ne2 Bf7 21. c3 Rb6 22. Nd4 Qa5 23. c4 c5 24. Nb5 Rb7 25. Nc3 Qc7 26. Qh4 h6 27. e5 dxe5 28. fxe5 Rb6 29. Qe1 fxe5 30. Rxe5 Rf6 31. Rg1 Rd7 32. Nb5 Qd8 33. Rxc5 Rd2 34. Re5 Rxa2 35. Rxe7 Qd3 36. Re3 Qc2 37. Nc3 Rb2 38. Ne4 Rf4 39. Qg3 Rxe4 40. Rxe4 1-0

[Event "FRA-chT Top 16 Gp Haute"]
[Site "Chartres"]
[Date "2023.06.09"]
[Round "2.1"]
[White "Rodshtein, Maxim"]
[Black "Terrieux, Kevin"]
[Result "1-0"]
[WhiteElo "2604"]
[BlackElo "2446"]
[PlyCount "73"]
[EventDate "2023.06.08"]
[EventType "team-tourn"]
[EventRounds "4"]
[EventCountry "FRA"]
[SourceTitle "CBM 214 Extra"]
[Source "ChessBase"]
[SourceDate "2023.07.31"]
[SourceVersion "1"]
[SourceVersionDate "2023.07.31"]
[SourceQuality "1"]
[WhiteTeam "Bischwiller"]
[BlackTeam "Mulhouse Philidor"]
[WhiteTeamCountry "FRA"]
[BlackTeamCountry "FRA"]

1. c4 e5 2. g3 Nc6 3. Bg2 g6 4. Nc3 Bg7 5. e3 d6 6. d3 Nge7 7. Nge2 0-0 8. h4 h5 9. a3 a5 10. Bd2 Bg4 11. Rc1 Qd7 12. Qc2 Nd8 13. Nd5 Nc8 14. b4 axb4 15. axb4 c6 16. Ndc3 Ne7 17. Ne4 f6 18. N4c3 Nf7 19. e4 Be6 20. Na4 Qd8 21. 0-0 f5 22. c5 d5 23. Nb6 Rb8 24. Rce1 Nc8 25. exd5 Bxd5 26. Nxd5 cxd5 27. Qb3 Ne7 28. Nc3 e4 29. Bf4 Ra8 30. Rd1 Nc6 31. Nxd5 Nd4 32. Qc4 b5 33. cxb6 Ne2+ 34. Kh1 Nxf4 35. Nxf4 Qxb6 36. dxe4 Rac8 37. Qe6 1-0

[Event "Titled Tuesday intern op 09th Aug Early"]
[Site "Chess.com INT"]
[Date "2022.08.09"]
[Round "11"]
[White "Chyzy, Jakub"]
[Black "Terrieux, Kevin"]
[Result "1-0"]
[WhiteElo "2232"]
[BlackElo "2446"]
[PlyCount "105"]
[EventDate "2022.08.09"]
[EventType "swiss (blitz)"]
[EventRounds "11"]
[EventCountry "USA"]
[SourceTitle "EXT 2023"]
[Source "ChessBase"]
[SourceDate "2022.10.05"]
[SourceVersion "1"]
[SourceVersionDate "2022.10.05"]
[SourceQuality "1"]

1. b3 d5 2. Bb2 Bg4 3. h3 Bh5 4. g4 Bg6 5. Bg2 c6 6. f4 e6 7. Nf3 h5 8. e3 h4 9. d3 Nd7 10. 0-0 Ngf6 11. Qe1 Ng8 12. Kh1 f6 13. e4 Bf7 14. f5 e5 15. g5 Ne7 16. g6 Bg8 17. Nxh4 dxe4 18. dxe4 Qc7 19. Nd2 c5 20. Rd1 Nc6 21. Nhf3 Nd4 22. c3 Nxf3 23. Rxf3 0-0-0 24. Rd3 Be7 25. c4 Nb8 26. Rxd8+ Bxd8 27. Nb1 Nc6 28. Nc3 a6 29. Nd5 Bxd5 30. exd5 Nd4 31. Bxd4 exd4 32. Qe6+ Kb8 33. d6 Qb6 34. Re1 Qa5 35. Re2 Qb6 36. Qd5 Ka7 37. d7 Qc7 38. Re8 Rxh3+ 39. Bxh3 Qg3 40. Bg2 Qh4+ 41. Kg1 Qe1+ 42. Kh2 Qh4+ 43. Kg1 Qe1+ 44. Bf1 Qg3+ 45. Qg2 Qc7 46. Rxd8 Qxd8 47. Qd5 Qc7 48. d8Q Qg3+ 49. Qg2 Qe3+ 50. Qf2 Qg5+ 51. Bg2 Qc1+ 52. Kh2 Qh6+ 53. Bh3 1-0

[Event "Titled Tuesday intern op 09th Aug Early"]
[Site "Chess.com INT"]
[Date "2022.08.09"]
[Round "3"]
[White "Terrieux, Kevin"]
[Black "Locci, Damiano"]
[Result "1-0"]
[WhiteElo "2446"]
[BlackElo "2216"]
[PlyCount "55"]
[EventDate "2022.08.09"]
[EventType "swiss (blitz)"]
[EventRounds "11"]
[EventCountry "USA"]
[SourceTitle "EXT 2023"]
[Source "ChessBase"]
[SourceDate "2022.10.05"]
[SourceVersion "1"]
[SourceVersionDate "2022.10.05"]
[SourceQuality "1"]

1. d4 d5 2. e4 e6 3. Nc3 Bb4 4. a3 Bxc3+ 5. bxc3 dxe4 6. Qg4 Nf6 7. Qxg7 Rg8 8. Qh6 Rg6 9. Qd2 b6 10. Ne2 Bb7 11. Nf4 Rg8 12. Bb5+ c6 13. Bc4 Qe7 14. 0-0 Nbd7 15. a4 0-0-0 16. a5 Ne5 17. Qe2 Nf3+ 18. Kh1 Nxh2 19. Kxh2 Ng4+ 20. Kh1 Qh4+ 21. Nh3 c5 22. Ba6 f5 23. axb6 axb6 24. Bf4 e5 25. dxe5 e3 26. Bxb7+ Kxb7 27. Qf3+ Kc7 28. e6+ 1-0

[Event "Titled Tuesday intern op 19th Jul Early"]
[Site "Chess.com INT"]
[Date "2022.07.19"]
[Round "6"]
[White "Melaugh, Shanemelaugh"]
[Black "Terrieux, Kevin"]
[Result "0-1"]
[WhiteElo "2093"]
[BlackElo "2446"]
[PlyCount "59"]
[EventDate "2022.07.19"]
[EventType "swiss (blitz)"]
[EventRounds "11"]
[EventCountry "USA"]
[SourceTitle "EXT 2023"]
[Source "ChessBase"]
[SourceDate "2022.10.05"]
[SourceVersion "1"]
[SourceVersionDate "2022.10.05"]
[SourceQuality "1"]

1. c4 e5 2. Nc3 Nc6 3. Nf3 g6 4. d4 exd4 5. Nxd4 Bg7 6. Nxc6 bxc6 7. g3 d6 8. Bg2 Bd7 9. 0-0 Ne7 10. Bf4 0-0 11. Qd2 Re8 12. Rad1 Rb8 13. b3 c5 14. Nd5 Nxd5 15. Bxd5 Bh3 16. Rfe1 Qd7 17. Bg2 Bxg2 18. Kxg2 Qc6+ 19. f3 f5 20. Bh6 Bxh6 21. Qxh6 Re6 22. Rd5 Rbe8 23. Qd2 Qa8 24. h4 R8e7 25. h5 Qe8 26. hxg6 Rxe2+ 27. Rxe2 Rxe2+ 28. Qxe2 Qxe2+ 29. Kh3 hxg6 30. f4 0-1

[Event "Titled Tuesday intern op 19th Jul Early"]
[Site "Chess.com INT"]
[Date "2022.07.19"]
[Round "2"]
[White "Terrieux, Kevin"]
[Black "Bashirli, Saadat"]
[Result "1/2-1/2"]
[WhiteElo "2446"]
[BlackElo "1567"]
[PlyCount "128"]
[EventDate "2022.07.19"]
[EventType "swiss (blitz)"]
[EventRounds "11"]
[EventCountry "USA"]
[SourceTitle "EXT 2023"]
[Source "ChessBase"]
[SourceDate "2022.10.05"]
[SourceVersion "1"]
[SourceVersionDate "2022.10.05"]
[SourceQuality "1"]

1. d4 d5 2. c4 e6 3. Nc3 c6 4. e4 dxe4 5. Nxe4 Nf6 6. Nxf6+ Qxf6 7. Nf3 Bb4+ 8. Bd2 Bxd2+ 9. Qxd2 Nd7 10. Be2 b6 11. 0-0 0-0 12. Qe3 Bb7 13. Ne5 Nxe5 14. dxe5 Qe7 15. Bf3 c5 16. Rad1 Rfd8 17. Bxb7 Qxb7 18. Rd3 h6 19. Rfd1 Qc7 20. f4 Rxd3 21. Qxd3 Kf8 22. Qd7 Rc8 23. Kf2 Kg8 24. g4 Kf8 25. h4 Qb8 26. h5 Re8 27. a4 Re7 28. Qd3 Kg8 29. Qd8+ Qxd8 30. Rxd8+ Kh7 31. Ke3 Rb7 32. Kd3 g6 33. Kc3 Kg7 34. b4 cxb4+ 35. Kxb4 Rc7 36. Rd6 Rb7 37. Kb3 Rc7 38. Kb4 Kh7 39. Rd8 Kg7 40. Rd2 Kh7 41. Ra2 Rc5 42. a5 Rc6 43. axb6 axb6 44. Ra6 Kg7 45. Kb5 Rc5+ 46. Kb4 Rc6 47. Ra7 Kg8 48. Rb7 Kg7 49. Kc3 Kg8 50. Kd4 Kg7 51. hxg6 Kxg6 52. f5+ exf5 53. gxf5+ Kxf5 54. Rxf7+ Kg6 55. Rd7 Kf5 56. Rd6 Rxd6+ 57. exd6 Ke6 58. c5 bxc5+ 59. Kxc5 Kd7 60. Kd5 h5 61. Ke5 h4 62. Kf4 h3 63. Kg3 h2 64. Kxh2 Kxd6 1/2-1/2

[Event "Titled Tuesday intern op 05th Jul Early"]
[Site "Chess.com INT"]
[Date "2022.07.05"]
[Round "5"]
[White "Deac, Bogdan Daniel"]
[Black "Terrieux, Kevin"]
[Result "1-0"]
[WhiteElo "2692"]
[BlackElo "2446"]
[PlyCount "93"]
[EventDate "2022.07.05"]
[EventType "swiss (blitz)"]
[EventRounds "11"]
[EventCountry "USA"]
[SourceTitle "CBM 209 Extra"]
[Source "ChessBase"]
[SourceDate "2022.09.30"]
[SourceVersion "1"]
[SourceVersionDate "2022.09.30"]
[SourceQuality "1"]

1. d4 e6 2. Nf3 f5 3. g3 b6 4. d5 Bb7 5. dxe6 dxe6 6. Qxd8+ Kxd8 7. Bg2 Bd6 8. 0-0 Ke7 9. Re1 Nf6 10. Nbd2 Nbd7 11. e4 Nxe4 12. Nxe4 fxe4 13. Ng5 Nf6 14. Nxe4 Nxe4 15. Bxe4 Bxe4 16. Rxe4 Rhf8 17. Bd2 Kd7 18. Rh4 h6 19. Rg4 Be5 20. c3 Bf6 21. Re1 Rad8 22. h4 Kc8 23. Bc1 Rd6 24. Rg6 Rf7 25. Kg2 Kd7 26. h5 a5 27. g4 Rd5 28. a4 e5 29. Be3 Kd6 30. Kf3 Ke6 31. Ke4 Rdd7 32. Rg1 c5 33. g5 hxg5 34. R1xg5 Ke7 35. Rf5 Rd1 36. h6 Rh1 37. hxg7 Bxg7 38. Rxf7+ Kxf7 39. Rxb6 Bf6 40. Kf3 Rh4 41. b3 c4 42. b4 axb4 43. Rxb4 e4+ 44. Kg3 Rh5 45. Rxc4 Be5+ 46. Kg4 Kg6 47. Rc6+ 1-0

[Event "Titled Tuesday intern op 05th Jul Early"]
[Site "Chess.com INT"]
[Date "2022.07.05"]
[Round "10"]
[White "Terrieux, Kevin"]
[Black "Chen, Max"]
[Result "1-0"]
[WhiteElo "2446"]
[BlackElo "2097"]
[PlyCount "57"]
[EventDate "2022.07.05"]
[EventType "swiss (blitz)"]
[EventRounds "11"]
[EventCountry "USA"]
[SourceTitle "CBM 209 Extra"]
[Source "ChessBase"]
[SourceDate "2022.09.30"]
[SourceVersion "1"]
[SourceVersionDate "2022.09.30"]
[SourceQuality "1"]

1. d4 Nf6 2. f3 d5 3. e4 dxe4 4. Nc3 exf3 5. Nxf3 Bg4 6. h3 Bxf3 7. Qxf3 c6 8. Be3 e6 9. Bd3 Be7 10. 0-0 Nbd7 11. Rf2 Nb6 12. Ne4 Nbd5 13. Bd2 Qb6 14. c3 0-0-0 15. b4 Nxe4 16. Qxe4 Nf6 17. Qe2 h6 18. a4 Qc7 19. a5 Bd6 20. a6 b6 21. b5 cxb5 22. Bxb5 Nd5 23. Qf3 Kb8 24. c4 Nf6 25. c5 Bxc5 26. dxc5 Rxd2 27. Rxd2 Qxc5+ 28. Kh1 Qxb5 29. Qb7# 1-0

[Event "Titled Tuesday intern op 05th Jul Early"]
[Site "Chess.com INT"]
[Date "2022.07.05"]
[Round "6"]
[White "Terrieux, Kevin"]
[Black "Franca, Ricardo Bedin"]
[Result "0-1"]
[WhiteElo "2446"]
[BlackElo "2278"]
[PlyCount "76"]
[EventDate "2022.07.05"]
[EventType "swiss (blitz)"]
[EventRounds "11"]
[EventCountry "USA"]
[SourceTitle "CBM 209 Extra"]
[Source "ChessBase"]
[SourceDate "2022.09.30"]
[SourceVersion "1"]
[SourceVersionDate "2022.09.30"]
[SourceQuality "1"]

1. d4 Nf6 2. f3 c5 3. d5 e6 4. c4 exd5 5. cxd5 d6 6. Nc3 g6 7. e4 Bg7 8. Nge2 Na6 9. Ng3 Nc7 10. a4 a6 11. Be2 Rb8 12. a5 Bd7 13. 0-0 0-0 14. Bf4 Qe7 15. e5 Nfe8 16. exd6 Nxd6 17. Nge4 Be5 18. Bxe5 Qxe5 19. f4 Qe7 20. Bf3 Ncb5 21. Re1 Nxe4 22. Nxe4 Rbc8 23. d6 Qd8 24. Qd5 Bc6 25. Qg5 Bxe4 26. Bxe4 Qxg5 27. fxg5 Nxd6 28. Bd5 Rc7 29. Rad1 Kg7 30. Re5 h6 31. h4 hxg5 32. hxg5 Nf5 33. Rde1 Rd8 34. g4 Nd4 35. Kf2 Nc2 36. R1e2 Nb4 37. Bc4 Rd4 38. R2e4 Rxc4 0-1

[Event "Titled Tuesday intern op 28th Jun Early"]
[Site "Chess.com INT"]
[Date "2022.06.28"]
[Round "4"]
[White "Djabri, Massinas"]
[Black "Terrieux, Kevin"]
[Result "0-1"]
[WhiteElo "2206"]
[BlackElo "2448"]
[PlyCount "66"]
[EventDate "2022.06.28"]
[EventType "swiss (blitz)"]
[EventRounds "11"]
[EventCountry "USA"]
[SourceTitle "CBM 209 Extra"]
[Source "ChessBase"]
[SourceDate "2022.09.30"]
[SourceVersion "1"]
[SourceVersionDate "2022.09.30"]
[SourceQuality "1"]

1. d4 d5 2. Bf4 c5 3. e3 Nc6 4. Nc3 cxd4 5. exd4 a6 6. Nf3 Bf5 7. Bd3 Bxd3 8. Qxd3 e6 9. 0-0 Nf6 10. Ne5 Be7 11. Rfe1 0-0 12. Re3 Qb6 13. Rh3 g6 14. Bg5 Qd8 15. Qg3 Nxd4 16. Qf4 Nf5 17. g4 Ng7 18. Qg3 Ne4 19. Nxe4 Bxg5 20. Nxg5 Qxg5 21. f4 Qe7 22. g5 Nf5 23. Qc3 f6 24. gxf6 Qxf6 25. Rf1 Rac8 26. Qb3 Qg7 27. c3 Rfd8 28. Kh1 Nd6 29. Rg1 Ne4 30. Qc2 Rf8 31. Rh4 Rf5 32. Qd3 Rcf8 33. Qh3 Nf2+ 0-1

[Event "Titled Tuesday intern op 28th Jun Early"]
[Site "Chess.com INT"]
[Date "2022.06.28"]
[Round "9"]
[White "Terrieux, Kevin"]
[Black "Kozlov, Oleg"]
[Result "1-0"]
[WhiteElo "2448"]
[BlackElo "2294"]
[PlyCount "129"]
[EventDate "2022.06.28"]
[EventType "swiss (blitz)"]
[EventRounds "11"]
[EventCountry "USA"]
[SourceTitle "CBM 209 Extra"]
[Source "ChessBase"]
[SourceDate "2022.09.30"]
[SourceVersion "1"]
[SourceVersionDate "2022.09.30"]
[SourceQuality "1"]

1. d4 f5 2. Nc3 Nf6 3. Bg5 d5 4. Bxf6 exf6 5. e3 Be6 6. Bd3 Qd7 7. Qf3 Nc6 8. a3 0-0-0 9. Nge2 g5 10. g3 Kb8 11. h4 Bd6 12. 0-0-0 Ne7 13. hxg5 fxg5 14. Rh6 Rdf8 15. Rdh1 Rf7 16. Qh5 Rg7 17. Qh2 c6 18. Ng1 Ng8 19. Rh5 Bf7 20. Rh3 h5 21. Qg2 Nf6 22. Nge2 Be6 23. R3h2 Rhg8 24. Qf1 Bf7 25. Ng1 h4 26. Nge2 Ne4 27. Bxe4 fxe4 28. Rg2 h3 29. Rgh2 Be6 30. Rxh3 Bxh3 31. Rxh3 Rf7 32. Rh2 Rgf8 33. Qg1 Qg4 34. Kb1 Bc7 35. b4 a6 36. Kb2 Qf5 37. Qe1 Rh7 38. Rg2 Qf3 39. Rg1 Qxf2 40. Qd2 Rf3 41. Nd1 Qh2 42. Qe1 Qh3 43. a4 Qf5 44. b5 axb5 45. axb5 Rf7 46. bxc6 bxc6 47. Qb4+ Kc8 48. Rh1 Rh7 49. g4 Qg6 50. Rxh7 Qxh7 51. Nec3 Kd7 52. Na4 Bd6 53. Qb7+ Bc7 54. Nc5+ Kd6 55. Qc8 Bb6 56. Nb7+ Ke7 57. Qxc6 Bd8 58. Qd6+ Kf7 59. Nxd8+ Ke8 60. Ne6 Qd7 61. Qxd7+ Kxd7 62. Nxg5 Rf1 63. Nc3 Rg1 64. Nxd5 Rxg4 65. Nf6+ 1-0

[Event "FRA-chT Top 16 Gp Haute"]
[Site "Chartres"]
[Date "2022.06.17"]
[Round "2.2"]
[White "Velten, Paul"]
[Black "Terrieux, Kevin"]
[Result "1/2-1/2"]
[WhiteElo "2486"]
[BlackElo "2448"]
[PlyCount "114"]
[EventDate "2022.06.16"]
[EventType "team-tourn"]
[EventRounds "4"]
[EventCountry "FRA"]
[SourceTitle "CBM 208 Extra"]
[Source "ChessBase"]
[SourceDate "2022.07.31"]
[SourceVersion "1"]
[SourceVersionDate "2022.07.31"]
[SourceQuality "1"]
[WhiteTeam "Chalon"]
[BlackTeam "Mulhouse Philidor"]
[WhiteTeamCountry "FRA"]
[BlackTeamCountry "FRA"]

1. e4 c5 2. Nf3 Nc6 3. Bb5 e6 4. Bxc6 bxc6 5. 0-0 Ne7 6. b3 Ng6 7. Bb2 f6 8. c3 d5 9. Re1 Bd6 10. d4 0-0 11. Nbd2 cxd4 12. cxd4 a5 13. Qc2 Qd7 14. Rac1 Bb7 15. Nb1 Bb4 16. Red1 Rfc8 17. a3 Bd6 18. e5 fxe5 19. dxe5 Be7 20. Rd4 c5 21. Rg4 Rf8 22. Nbd2 Rf5 23. Re1 Bc6 24. b4 Ba4 25. Qb1 axb4 26. axb4 c4 27. Bc3 Raf8 28. Qa1 Rf4 29. Rxf4 Nxf4 30. Nd4 Nd3 31. Rf1 Nxb4 32. Nxe6 Qxe6 33. Qxa4 Nd3 34. Bd4 Qg4 35. Be3 Nxe5 36. Qa5 Qd7 37. Rd1 Nc6 38. Qa4 Qe6 39. Nf3 Bf6 40. Bc5 Rd8 41. Re1 Qd7 42. Qc2 Ra8 43. h4 Ra5 44. Bb6 Rb5 45. Be3 Rb8 46. Bg5 Nd4 47. Nxd4 Bxd4 48. Qd1 Bc5 49. Re5 Qf7 50. Be3 Bxe3 51. fxe3 c3 52. Rxd5 Qe7 53. Qd3 Qxh4 54. Rc5 Qe1+ 55. Kh2 Qh4+ 56. Kg1 Qe1+ 57. Kh2 Qh4+ 1/2-1/2

[Event "Titled Tuesday intern op 29th Mar Late"]
[Site "Chess.com INT"]
[Date "2022.03.29"]
[Round "5"]
[White "Terrieux, Kevin"]
[Black "Chernobay, Artem"]
[Result "1-0"]
[WhiteElo "2448"]
[BlackElo "2484"]
[PlyCount "63"]
[EventDate "2022.03.29"]
[EventType "swiss (blitz)"]
[EventRounds "11"]
[EventCountry "USA"]
[SourceTitle "CBM 207 Extra"]
[Source "ChessBase"]
[SourceDate "2022.05.31"]
[SourceVersion "1"]
[SourceVersionDate "2022.05.31"]
[SourceQuality "1"]

1. d4 Nf6 2. f3 d5 3. e4 dxe4 4. Nc3 c5 5. d5 e3 6. Bxe3 Nbd7 7. Qd2 a6 8. Ne4 b6 9. Ne2 Bb7 10. N2c3 g6 11. 0-0-0 Bg7 12. Bh6 0-0 13. h4 b5 14. h5 b4 15. Bxg7 Kxg7 16. hxg6 fxg6 17. Qh6+ Kh8 18. Ng5 bxc3 19. Ne6 cxb2+ 20. Kb1 Rf7 21. Nxd8 Rxd8 22. c4 Nb6 23. Bd3 Na4 24. Qd2 Rb8 25. Bc2 Nb6 26. Bb3 Bc8 27. Qc3 Kg8 28. Rde1 Bf5+ 29. Bc2 Bd7 30. Re3 Be8 31. Rhe1 Rb7 32. d6 1-0

[Event "Mulhouse GM"]
[Site "Mulhouse"]
[Date "2021.06.26"]
[Round "2"]
[White "Bailet, Pierre"]
[Black "Terrieux, Kevin"]
[Result "1/2-1/2"]
[WhiteElo "2520"]
[BlackElo "2448"]
[PlyCount "20"]
[EventDate "2021.06.26"]
[EventType "tourn"]
[EventRounds "9"]
[EventCountry "FRA"]
[EventCategory "10"]
[SourceTitle "CBM 203 Extra"]
[Source "ChessBase"]
[SourceDate "2021.09.30"]
[SourceVersion "1"]
[SourceVersionDate "2021.09.30"]
[SourceQuality "1"]

1. Nf3 Nf6 2. g3 b6 3. Bg2 Bb7 4. 0-0 e6 5. d3 d5 6. c4 Be7 7. Nc3 0-0 8. Bf4 c5 9. Ne5 Nc6 10. Nxc6 Bxc6 1/2-1/2

[Event "Mulhouse GM"]
[Site "Mulhouse"]
[Date "2021.06.26"]
[Round "4"]
[White "Charnushevich, Aliaksei"]
[Black "Terrieux, Kevin"]
[Result "1/2-1/2"]
[WhiteElo "2499"]
[BlackElo "2448"]
[PlyCount "49"]
[EventDate "2021.06.26"]
[EventType "tourn"]
[EventRounds "9"]
[EventCountry "FRA"]
[EventCategory "10"]
[SourceTitle "CBM 203 Extra"]
[Source "ChessBase"]
[SourceDate "2021.09.30"]
[SourceVersion "1"]
[SourceVersionDate "2021.09.30"]
[SourceQuality "1"]

1. Nf3 Nf6 2. c4 b6 3. g3 Bb7 4. Bg2 e6 5. 0-0 Be7 6. d4 0-0 7. Nc3 Ne4 8. Bd2 f5 9. Rc1 Bf6 10. Be1 a5 11. d5 Na6 12. Nd4 Nac5 13. Nxe4 fxe4 14. Nb3 Nxb3 15. axb3 e3 16. Rc2 exf2+ 17. Bxf2 d6 18. Bd4 Bxd4+ 19. Qxd4 Rxf1+ 20. Kxf1 Kh8 21. Bh3 Qf8+ 22. Kg2 e5 23. Qd3 Bc8 24. Bxc8 Rxc8 25. e3 1/2-1/2

[Event "Mulhouse GM"]
[Site "Mulhouse"]
[Date "2021.06.26"]
[Round "7"]
[White "Terrieux, Kevin"]
[Black "Georgiev, Kiril"]
[Result "1/2-1/2"]
[WhiteElo "2448"]
[BlackElo "2594"]
[PlyCount "36"]
[EventDate "2021.06.26"]
[EventType "tourn"]
[EventRounds "9"]
[EventCountry "FRA"]
[EventCategory "10"]
[SourceTitle "CBM 203 Extra"]
[Source "ChessBase"]
[SourceDate "2021.09.30"]
[SourceVersion "1"]
[SourceVersionDate "2021.09.30"]
[SourceQuality "1"]

1. d4 Nf6 2. Nc3 d5 3. Bf4 c5 4. e3 a6 5. dxc5 Qa5 6. Nf3 e6 7. a3 Qxc5 8. Be2 Be7 9. 0-0 0-0 10. Qd3 Nbd7 11. b4 Qc6 12. Nd4 Qb6 13. Nb3 h6 14. e4 e5 15. Bc1 d4 16. Nb1 Qc6 17. f3 b6 18. c3 dxc3 1/2-1/2